000 00426nam a2200157 i 4500
001 93915
003 ES-MaACL
005 20230906181338.0
007 t|
008 050422s1935 sp ||||1| cat d
100 1 _aLópez-Picó, José María.
_973889
245 1 0 _aLleures del pensament /
_cJosé María López-Picó.
260 _aBarcelona :
_bAltés,
_c1935.
300 _a101 p. ;
_c16 cm.
852 _aES-MaACL
_j1790-F-1
999 _c93915
_d93915